Queens Park Rangers Trivia - Statistics

General Stats
  • This quiz has been taken 12 times
  • The average score is 11 of 17
Answer Stats
Question Answer % Correct
What is the name of Queens Park Rangers’s stadium? Loftus Road Stadium
100%
Who was the most recent head coach of Queens Park Rangers? Martí Cifuentes
100%
What is Queens Park Rangers’s nickname? The {Rs}
100%
With which clubs does Queens Park Rangers contest the West London Derbies? Brentford
91%
With which clubs does Queens Park Rangers contest the West London Derbies? Chelsea
91%
Who is Queens Park Rangers’s record sale, joining Crystal Palace for £19.5m in 2020? Eberechi Eze
91%
With which clubs does Queens Park Rangers contest the West London Derbies? Fulham
91%
Who scored a 90th-minute winner for Queens Park Rangers as they beat Derby County 1-0 in the 2014 Championship Play-Off Final? Bobby Zamora
73%
Who is the current captain of Queens Park Rangers? Steve Cook
73%
Who is Queens Park Rangers’s record signing, arriving from Anzhi Makhachkala for £12.5m in 2013? Christopher Samba
55%
Which Queens Park Rangers legend made 354 appearances for the club across two spells, as well as having two three-year stints as manager? Gerry Francis
45%
Which club did Queens Park Rangers beat 3-2 in the 1967 League Cup Final, to claim their only major honour to date? West Bromwich Albion
45%
Which club did Queens Park Rangers lose to 6-0 on aggregate in the Quarter-Finals of the 1976/77 UEFA Cup, their best European finish? AEK
36%
Queens Park Rangers was founded in 1882 under what name? Christchurch Rangers
27%
Which Queens Park Rangers manager guided them to their best-ever league finish of 2nd in the First Division, in the 1975/76 season? Dave Sexton
27%
Which Englishman is Queens Park Rangers’s record goalscorer with 172? George Goddard
27%
Which Englishman is Queens Park Rangers’s record appearance-maker with 548? Tony Ingham
9%
No matching quizzes found
Score Distribution
Percent of People with Each Score
Percentile by Number Answered
Your Score History
You have not taken this quiz